Most capped England Woman footballers - Statistics

General Stats
  • This quiz has been taken 8 times
  • The average score is 6 of 10
Answer Stats
Hint Answer % Correct
140 caps defender Alex Scott
100%
156 caps midfielder Jill Scott
88%
106 caps forward Ellen White
75%
130 caps defender Casey Stoney
63%
172 caps midfielder Fara Williams
63%
144 caps winger/midfielder Karen Carney
50%
117 caps forward Kelly Smith
50%
129 caps winger/forward Rachel Yankey
50%
121 caps defender Steph Houghton
50%
119 caps midfielder Gillian Coulthard
0%
No matching quizzes found
Score Distribution
Percent of People with Each Score
Percentile by Number Answered
Your Score History
You have not taken this quiz